000
00302nam a2200133Ia 4500
100
_a
Williams/Gerald E
942
_c
RB
654
_a
digital
245
_a
Digital technology
260
_b
Science Research Associates
_a
Chicago
_c
1986
082
_a
621.38179
_b
WIL
300
_a
577
546
_a
ENGLISH
999
_c
29478
_d
29478